It looks like you're offline.
Open Library logo
additional options menu

MARC record from Internet Archive

LEADER: 00635nam 22002413a 4500
001 ocm46531633
003 OCoLC
005 20100813124122.0
008 970808t19971996abc 000 1 eng
040 $aNLC$beng$cNLC
016 $a970136706
020 $a1551972247
020 $a9781551972244
035 $a(OCoLC)46531633
055 02 $aPR1309*
055 00 $aPR1309 D4$bC6 no. 0033
100 1 $aWilson, R. Michael.
245 10 $aBad wimpfen.
260 $aEdmonton :$bCommonwealth Publications,$c1997, c1996.
300 $a241 p. ;$c18 cm.
029 0 $aNLC$b970136706
994 $aZ0$bPMR
948 $hNO HOLDINGS IN PMR - 3 OTHER HOLDINGS